[Event "Oakham Young Masters"]
[Site "Oakham"]
[Date "1984.04.08"]
[Round "1.1"]
[White "Short, Nigel D"]
[Black "Wells, Peter K"]
[Result "1-0"]
[WhiteElo "2500"]
[BlackElo "2320"]
[PlyCount "125"]
[EventDate "1984.04.08"]
[EventType "swiss"]
[EventRounds "9"]
[EventCountry "ENG"]
[SourceTitle "BritBase"]
[Source "John Saunders"]
[SourceDate "2023.08.08"]
[SourceVersion "1"]
[SourceVersionDate "2023.08.08"]
[SourceQuality "1"]

1. e4 c6 2. d4 d5 3. Nd2 dxe4 4. Nxe4 Nd7 5. Ne2 Ndf6 6. N2g3 Nxe4 7. Nxe4 Bf5
8. Nc5 Qc7 9. Bd3 Bg6 10. O-O e6 11. Nb3 Nf6 12. Re1 Be7 13. Qf3 Bxd3 14. Bf4
Bd6 15. Bxd6 Qxd6 16. Qxd3 O-O 17. Rad1 Rfd8 18. h3 b6 19. Qe2 a5 20. c3 Qc7
21. Nc1 c5 22. dxc5 Qxc5 23. Nb3 Qc7 24. Nd4 h6 25. c4 Rac8 26. Nb5 Qc5 27. b3
Ne8 28. Rd3 Nc7 29. Nc3 Rxd3 30. Qxd3 Na6 31. Rd1 Qc6 32. Rd2 Nc5 33. Qe3 a4
34. Nb5 Qe4 35. Nd6 Qb1+ 36. Kh2 Rd8 37. bxa4 Nxa4 38. Nxf7 Rxd2 39. Qxd2 Kxf7
40. Qd7+ Kf6 41. Qxa4 Qb2 42. Qa8 Qe5+ 43. g3 Qd4 44. Qf3+ Ke7 45. a3 Kd6 46.
Qf8+ Kd7 47. Kg1 Qd1+ 48. Kg2 Qd4 49. Qf7+ Kd6 50. Qb7 h5 51. h4 g6 52. Qc8 Qc5
53. Qf8+ Kc6 54. Qe8+ Kd6 55. Qxg6 Qc6+ 56. Kh2 Qf3 57. Qc2 Qxa3 58. Qd1+ Kc5
59. Qxh5+ Kxc4 60. Qe2+ Kd5 61. Qb5+ Qc5 62. Qxc5+ bxc5 63. Kg2 {source:
bulletin} 1-0

[Event "Oakham Young Masters"]
[Site "Oakham"]
[Date "1984.04.08"]
[Round "1.2"]
[White "Howell, James C"]
[Black "Dlugy, Maxim"]
[Result "0-1"]
[WhiteElo "2320"]
[BlackElo "2460"]
[PlyCount "134"]
[EventDate "1984.04.08"]
[EventType "swiss"]
[EventRounds "9"]
[EventCountry "ENG"]
[SourceTitle "BritBase"]
[Source "John Saunders"]
[SourceDate "2023.08.08"]
[SourceVersion "1"]
[SourceVersionDate "2023.08.08"]
[SourceQuality "1"]

1. e4 c5 2. Nf3 Nc6 3. c3 d5 4. exd5 Qxd5 5. d4 Nf6 6. Be2 e6 7. O-O cxd4 8.
cxd4 Be7 9. Nc3 Qd6 10. Bg5 O-O 11. Rc1 Nd5 12. Ne4 Qd8 13. Bxe7 Qxe7 14. Ne5
Bd7 15. Bd3 Rfd8 16. Qh5 f5 17. Ng5 h6 18. Qf7+ Qxf7 19. Ngxf7 Nxe5 20. Nxe5
Rac8 21. Rfe1 Nb6 22. Kf1 Be8 23. Rxc8 Rxc8 24. Ke2 Bc6 25. g3 Bd5 26. Kd2 Kf8
27. h4 Ke7 28. f3 Bxa2 29. Ra1 Bd5 30. Rxa7 g5 31. h5 Nd7 32. Be2 Nxe5 33. dxe5
f4 34. gxf4 gxf4 35. Ra4 Rf8 36. Ke1 Rf5 37. Kf2 Rxe5 38. Rxf4 Rxh5 39. Rg4
Rh2+ 40. Ke3 h5 41. Rg7+ Kd6 42. b4 h4 43. Rh7 Rh1 44. Kf2 Rh2+ 45. Ke3 h3 46.
f4 Rh1 47. Kf2 h2 48. Bb5 Bc6 49. Bxc6 bxc6 50. Kg2 Rb1 51. Kxh2 Rxb4 52. Kg3
Rb3+ 53. Kf2 c5 54. Ke2 c4 55. Rh8 Kd5 56. Rd8+ Ke4 57. Rh8 Rb2+ 58. Kd1 Rf2
59. Re8 Rxf4 60. Rxe6+ Kd3 61. Re1 Rf3 62. Rh1 Kc3 63. Kc1 Kb3 64. Kb1 c3 65.
Ka1 c2 66. Rg1 Rd3 67. Rc1 Rd1 {source: bulletin} 0-1

[Event "Oakham Young Masters"]
[Site "Oakham"]
[Date "1984.04.08"]
[Round "1.3"]
[White "Hodgson, Julian M"]
[Black "D'Amore, Carlo"]
[Result "1-0"]
[WhiteElo "2440"]
[BlackElo "2310"]
[PlyCount "105"]
[EventDate "1984.04.08"]
[EventType "swiss"]
[EventRounds "9"]
[EventCountry "ENG"]
[SourceTitle "BritBase"]
[Source "John Saunders"]
[SourceDate "2023.08.08"]
[SourceVersion "1"]
[SourceVersionDate "2023.08.08"]
[SourceQuality "1"]

1. Nf3 Nf6 2. g3 g6 3. Bg2 Bg7 4. O-O O-O 5. d3 d6 6. e4 e5 7. Nc3 c6 8. h3
Nbd7 9. Be3 Re8 10. Qd2 d5 11. Bg5 dxe4 12. dxe4 Qc7 13. Bh6 Nc5 14. Bxg7 Kxg7
15. Nh4 Be6 16. b3 Rad8 17. Qe3 Qb6 18. Rad1 Bc8 19. Nf5+ Bxf5 20. exf5 Na6 21.
Qc1 Nb4 22. Ne4 Nxa2 23. Qg5 Nxe4 24. Bxe4 Nc3 25. f6+ Kh8 26. Bxg6 Ne2+ 27.
Kh2 Rg8 28. Rxd8 Qxd8 29. Qxe5 Rxg6 30. Qxe2 Rxf6 31. Qe5 Qd6 32. Qa1 a6 33.
Re1 h6 34. Kg1 Kh7 35. Re8 Qd7 36. Rb8 Qf5 37. Qd4 c5 38. Qe3 b6 39. c4 Re6 40.
Qc3 f6 41. Qd2 Kg6 42. h4 Qe5 43. Qd3+ f5 44. Qd8 Qf6 45. Qd5 Rd6 46. Qf3 Rd7
47. Rc8 Qe6 48. Kg2 Rd6 49. h5+ Kg5 50. Qf4+ Kxh5 51. Re8 Qd7 52. Rg8 Rd4 53.
g4+ {source: bulletin} 1-0

[Event "Oakham Young Masters"]
[Site "Oakham"]
[Date "1984.04.08"]
[Round "1.4"]
[White "Klinger, Josef"]
[Black "King, Daniel John"]
[Result "1/2-1/2"]
[WhiteElo "2310"]
[BlackElo "2435"]
[Annotator "Nunn, John"]
[PlyCount "61"]
[EventDate "1984.04.08"]
[EventType "swiss"]
[EventRounds "9"]
[EventCountry "ENG"]
[SourceTitle "BritBase"]
[Source "John Saunders"]
[SourceDate "2023.08.08"]
[SourceVersion "1"]
[SourceVersionDate "2023.08.08"]
[SourceQuality "1"]

1. e4 c5 2. Nf3 Nc6 3. d4 cxd4 4. Nxd4 Nf6 5. Nc3 e5 6. Ndb5 d6 7. Bg5 a6 8.
Na3 b5 9. Bxf6 gxf6 10. Nd5 f5 11. Bxb5 axb5 12. Nxb5 Ra4 ({The most highly
regarded of the many Black options at this point, although} 12... Qg5 {has
never been refuted.}) 13. c4 ({Unusual.} 13. Nbc7+ Kd7 14. O-O {has been more
commonly played, but is under a cloud at the moment because of the line} Qg5
15. c4 Rg8 16. g3 Ra7 $1 17. Nb5 Rb7 18. f4 Qh4 19. Qf3 Rxb5 20. cxb5 Nd4 {
and in the complications which arise Black’s play against White's king gives
him the advan­tage. In view of the to-and-fro motion of White’s knight
between c7 and b5 in this line, Klinger aims to save time by cutting out the
check at c7.}) 13... Qa5+ ({This is the problem.} 13... Rxc4 14. O-O {falls in
with White's plan by opening the c-file.}) 14. b4 Rxb4 (14... Nxb4 15. Nf6+ Kd8
16. O-O Qa6 {(to defend a4 and d6)} 17. Ne8 $1 (17. a3 Be7 {and}) (17. Qh5 Be6
{give Black a good game}) 17... Bd7 18. Nexd6 {is good for White after} Bxb5 ({
or} 18... Bxd6 19. Nxd6 Ke7 20. Nxf7) 19. cxb5) 15. O-O Rxb5 (15... Rxc4 {
leaves White with a choice of favourable lines, for example} 16. Nf6+ ({or} 16.
Qd3 {, suggested by Szilagyi}) ({or simply} 16. Rc1 Rxc1 17. Qxc1 Bd7 (17...
Bb7 18. Qg5 Be7 19. Nxe7 Qxb5 20. Nxf5 {is worse}) 18. Qg5 Be7 19. Nxe7 Qxb5
20. Nd5 Qa5 21. Qg7 Rf8 22. Nf6+ Ke7 23. Nxd7 {with a clear plus for White.})
16... Kd8 17. Nxd6 Rd4 18. Nxf7+ Ke7 19. Qh5 Kxf6 20. Nxh8) 16. cxb5 Nd4 17.
Qh5 Bb7 $5 (17... Be6 18. Nf6+ Kd8 19. b6 $1 Qxb6 20. Rfb1 Qa7 21. Rb2 fxe4 22.
Rab1 {was good for White in the correspondence game Szilagyi v Sergyan, 1980,})
({but the best move may well be} 17... Bg7 {. After} 18. Qg5 (18. Rfc1 Bb7 19.
Qg5 O-O {defends since} 20. exf5 {may be met by} Ne2+) 18... O-O 19. Ne7+ Kh8
20. exf5 f6 21. Qh5 Rd8 {the most likely outcome is per­petual check by
Ng6-e7.}) 18. Nf6+ Ke7 {[#]} 19. Qg5 $2 ({White has two other moves: (1)} 19.
Qh4 Ke6 $5 (19... Kd8 {is a likely draw by} 20. Nd5+ Ke8 21. Nf6+) 20. Nh5 (20.
f4 Ne2+ 21. Kh1 Nxf4 22. exf5+ Kxf5 {looks danger­ous, but in fact White
cannot continue his attack}) 20... Be7 21. exf5+ Kd7 22. Qg4 f6 {with a slight
plus for Black.}) ({(2)} 19. Nxh7 $1 {(threat 20 Qh4+ fol­lowed by Nf6+,
winning the rook)} Rxh7 (19... f6 20. Qg6) 20. Qxh7 Bxe4 21. a4 {and the
passed pawns will become dangerous. Black has counterplay against White’s
king, but probably not enough.}) 19... h6 20. Qh4 fxe4 $2 (20... Qd2 $1 {
(threat 21...Qg5) was very promising, e.g.} 21. f4 Ne2+ 22. Kh1 Nxf4 23. Rf2
Qd4 ({or even} 23... Ng6 $5)) 21. Rfc1 $1 ({After} 21. Nxe4+ {Black could draw
by 21...Ke8, or embark on a winning attempt by} Kd7 22. Qf6 Bxe4 23. Qxh8 Ne2+
24. Kh1 Nf4 {, so that if} 25. Qxf8 Bxg2+ 26. Kg1 Bd5 {and Black has a
decisive attack.}) 21... Ne2+ 22. Kh1 Nxc1 23. Rxc1 Ke6 ({[The] threat [was]} 
23... Z0 24. Rc7+ Qxc7 25. Nd5+ Kd7 26. Nxc7 Kxc7 27. Qf6 Rh7 28. b6+ $1 {
and Black’s king cannot avoid a deadly fork next move.}) 24. Nh5 (24. Ne8 Kd7
$1 {forces White to repeat.}) 24... Qd2 $1 ({Not} 24... Be7 25. Qg4+ f5 26.
Ng7+) 25. Qg4+ f5 26. Qg6+ Ke7 (26... Kd7 27. Nf6+ {wins.}) 27. Qf6+ Ke8 28.
Qg6+ ({The winning attempt} 28. Qe6+ Kd8 29. Qc4 {fails to} Rh7 $1) 28... Kd8
29. Qf6+ Ke8 30. Qg6+ Kd8 31. Qf6+ {Sources: bulletin; John Nunn, BCM, June
1984, p235} 1/2-1/2

[Event "Oakham Young Masters"]
[Site "Oakham"]
[Date "1984.04.08"]
[Round "1.5"]
[White "Georgiev, Kiril"]
[Black "Lane, Gary William"]
[Result "1-0"]
[WhiteElo "2430"]
[BlackElo "2310"]
[PlyCount "105"]
[EventDate "1984.04.08"]
[EventType "swiss"]
[EventRounds "9"]
[EventCountry "ENG"]
[SourceTitle "BritBase"]
[Source "John Saunders"]
[SourceDate "2023.08.08"]
[SourceVersion "1"]
[SourceVersionDate "2023.08.08"]
[SourceQuality "1"]

1. Nf3 Nf6 2. c4 g6 3. g3 Bg7 4. Bg2 O-O 5. O-O d6 6. Nc3 Nc6 7. d3 e5 8. Rb1
a5 9. a3 Re8 10. b4 axb4 11. axb4 e4 12. Ne1 exd3 13. Nxd3 Ng4 14. Nd5 Nce5 15.
h3 Nxd3 16. exd3 Ne5 17. Ne3 Rb8 18. b5 f5 19. Re1 Bd7 20. Bb2 c6 21. Qb3 Nf7
22. Bxg7 Kxg7 23. Qb2+ Kg8 24. Qd4 Qc7 25. h4 Rbd8 26. h5 Bc8 27. hxg6 hxg6 28.
Qf6 Re6 29. Nd5 Rxf6 30. Nxc7 Ne5 31. bxc6 bxc6 32. d4 Rf7 33. dxe5 Rxc7 34.
Red1 d5 35. cxd5 cxd5 36. Rxd5 Rxd5 37. Bxd5+ Kg7 38. f4 g5 39. Rb8 Rc2 40.
fxg5 Rc5 41. Bb3 Rc3 42. Kf2 Kg6 43. e6 Kxg5 44. e7 Bd7 45. Be6 Rc2+ 46. Ke3
Ba4 47. Rg8+ Kf6 48. e8=Q Bxe8 49. Rxe8 Rc3+ 50. Kf4 Rc5 51. Bb3 Rb5 52. Re6+
Kg7 53. Bc2 {source: bulletin} 1-0

[Event "Oakham Young Masters"]
[Site "Oakham"]
[Date "1984.04.08"]
[Round "1.6"]
[White "Ostenstad, Berge"]
[Black "Hjorth, Greg"]
[Result "1/2-1/2"]
[WhiteElo "2310"]
[BlackElo "2415"]
[PlyCount "58"]
[EventDate "1984.04.08"]
[EventType "swiss"]
[EventRounds "9"]
[EventCountry "ENG"]
[SourceTitle "BritBase"]
[Source "John Saunders"]
[SourceDate "2023.08.08"]
[SourceVersion "1"]
[SourceVersionDate "2023.08.08"]
[SourceQuality "1"]

1. d4 d5 2. c4 e6 3. Nf3 c5 4. cxd5 exd5 5. g3 Nc6 6. Bg2 Nf6 7. O-O Be7 8. b3
O-O 9. Bb2 Ne4 10. Na3 Bf6 11. Nc2 Re8 12. Ne3 b6 13. Rc1 Ba6 14. Re1 Qd7 15.
Ba1 Rad8 16. Nc2 Qf5 17. h3 h5 18. h4 Re7 19. e3 Rde8 20. a3 c4 21. b4 Bb5 22.
Rf1 Ba4 23. Nd2 Nd6 24. Nb1 Nb5 25. Qd2 Nd8 26. Ne1 Nb7 27. Nf3 N7d6 28. Ne5
Ne4 29. Qe2 g6 {source: bulletin} 1/2-1/2

[Event "Oakham Young Masters"]
[Site "Oakham"]
[Date "1984.04.08"]
[Round "1.7"]
[White "Murshed, Niaz"]
[Black "Gil Gonzalez, Jose Manuel"]
[Result "1-0"]
[WhiteElo "2410"]
[BlackElo "2300"]
[PlyCount "65"]
[EventDate "1984.04.08"]
[EventType "swiss"]
[EventRounds "9"]
[EventCountry "ENG"]
[SourceTitle "BritBase"]
[Source "John Saunders"]
[SourceDate "2023.08.08"]
[SourceVersion "1"]
[SourceVersionDate "2023.08.08"]
[SourceQuality "1"]

1. d4 g6 2. c4 Bg7 3. Nc3 c5 4. d5 f5 5. g3 d6 6. Bg2 Bxc3+ 7. bxc3 Qa5 8. Qc2
Nd7 9. Nf3 Ngf6 10. O-O Nb6 11. Nd2 Bd7 12. e4 Qa4 13. Qxa4 Nxa4 14. Re1 Kf7
15. e5 dxe5 16. Rxe5 Nxc3 17. Re3 Na4 18. Nf3 Rad8 19. Ne5+ Kg7 20. Bd2 Rhe8
21. Rb1 Nb6 22. Ba5 Bc8 23. Rb5 e6 24. Rxc5 exd5 25. cxd5 Nfxd5 $2 26. Bxd5
Rxd5 27. Bxb6 Rd1+ 28. Kg2 axb6 29. Rc7+ Kg8 30. Ng4 Kf8 31. Rxe8+ Kxe8 32.
Rxc8+ Kd7 33. Ne3 {source: bulletin} 1-0

[Event "Oakham Young Masters"]
[Site "Oakham"]
[Date "1984.04.08"]
[Round "1.8"]
[White "Ebeling, Mika"]
[Black "Cramling, Pia"]
[Result "0-1"]
[WhiteElo "2295"]
[BlackElo "2405"]
[PlyCount "50"]
[EventDate "1984.04.08"]
[EventType "swiss"]
[EventRounds "9"]
[EventCountry "ENG"]
[SourceTitle "BritBase"]
[Source "John Saunders"]
[SourceDate "2023.08.08"]
[SourceVersion "1"]
[SourceVersionDate "2023.08.08"]
[SourceQuality "1"]

1. e4 e6 2. d4 d5 3. Nc3 Bb4 4. e5 Ne7 5. a3 Bxc3+ 6. bxc3 c5 7. Qg4 Qc7 8.
Qxg7 Rg8 9. Qxh7 cxd4 10. Kd1 Nbc6 11. Nf3 dxc3 12. Bf4 Qb6 13. Bg3 Qb2 14. Rc1
Bd7 15. h4 O-O-O 16. Bd3 Qxa3 17. Qxf7 Rge8 18. Qh7 Qc5 19. Ke2 Nb4 20. Rb1 Rh8
21. Qg7 Nxd3 22. cxd3 Nf5 23. Qg4 Rhg8 24. Qb4 Qxb4 25. Rxb4 Rxg3 {source:
bulletin} 0-1

[Event "Oakham Young Masters"]
[Site "Oakham"]
[Date "1984.04.08"]
[Round "1.9"]
[White "Stohl, Igor"]
[Black "Conquest, Stuart C"]
[Result "1-0"]
[WhiteElo "2405"]
[BlackElo "2260"]
[PlyCount "61"]
[EventDate "1984.04.08"]
[EventType "swiss"]
[EventRounds "9"]
[EventCountry "ENG"]
[SourceTitle "BritBase"]
[Source "John Saunders"]
[SourceDate "2023.08.08"]
[SourceVersion "1"]
[SourceVersionDate "2023.08.08"]
[SourceQuality "1"]

1. c4 e5 2. Nc3 Nc6 3. e3 d6 4. g3 g6 5. Bg2 Bg7 6. Nge2 Be6 7. d4 Bxc4 8. d5
Bxe2 9. Qxe2 Nb8 10. Qb5+ Nd7 11. Qxb7 Rb8 12. Qa6 h5 13. h4 f5 14. e4 f4 15.
Qe2 Nc5 16. O-O g5 17. Nb5 Rb7 18. b4 Nd7 19. Rb1 Ne7 20. hxg5 h4 21. gxf4 exf4
22. Bxf4 Ng6 23. Be3 h3 24. Bf3 Rxb5 25. Qxb5 Rh4 26. Kh1 Qe7 27. Rbc1 Qf7 28.
Be2 a6 29. Qxa6 Rxe4 30. Rxc7 Ngf8 31. Qxd6 {source: bulletin} 1-0

[Event "Oakham Young Masters"]
[Site "Oakham"]
[Date "1984.04.08"]
[Round "1.10"]
[White "Gallagher, Joseph G"]
[Black "Kozul, Zdenko"]
[Result "1-0"]
[WhiteElo "2260"]
[BlackElo "2405"]
[PlyCount "79"]
[EventDate "1984.04.08"]
[EventType "swiss"]
[EventRounds "9"]
[EventCountry "ENG"]
[SourceTitle "BritBase"]
[Source "John Saunders"]
[SourceDate "2023.08.08"]
[SourceVersion "1"]
[SourceVersionDate "2023.08.08"]
[SourceQuality "1"]

1. e4 c5 2. Nf3 d6 3. d4 cxd4 4. Nxd4 Nf6 5. Nc3 g6 6. Be3 Bg7 7. f3 O-O 8. Qd2
Nc6 9. g4 Nxd4 10. Bxd4 Qa5 11. O-O-O Be6 12. Kb1 Rfc8 13. a3 Rab8 14. Nd5 Qxd2
15. Rxd2 Nxd5 16. Bxg7 Kxg7 17. exd5 Bd7 18. h4 Rc5 19. h5 Rbc8 20. Rhh2 b5 21.
Rd4 gxh5 22. Bd3 hxg4 23. Rxh7+ Kg8 24. Rf4 Rf8 25. Rh5 f6 26. fxg4 Be8 27. b4
Rc7 28. Rh2 Bf7 29. g5 Bxd5 30. Rfh4 f5 31. Rh8+ Kg7 32. R2h7+ Kg6 33. Rxf8
Kxh7 34. Rxf5 Bc4 35. Rc5+ Bxd3 36. Rxc7 Bc4 37. Rxe7+ Kg6 38. Rxa7 Kxg5 39.
Rc7 d5 40. Rf7 {source: bulletin} 1-0

[Event "Oakham Young Masters"]
[Site "Oakham"]
[Date "1984.04.08"]
[Round "1.11"]
[White "Staniszewski, Piotr"]
[Black "Ardaman, Miles"]
[Result "1/2-1/2"]
[WhiteElo "2405"]
[BlackElo "2240"]
[PlyCount "60"]
[EventDate "1984.04.08"]
[EventType "swiss"]
[EventRounds "9"]
[EventCountry "ENG"]
[SourceTitle "BritBase"]
[Source "John Saunders"]
[SourceDate "2023.08.08"]
[SourceVersion "1"]
[SourceVersionDate "2023.08.08"]
[SourceQuality "1"]

1. d4 Nf6 2. c4 c5 3. d5 e6 4. Nc3 exd5 5. cxd5 d6 6. Nf3 g6 7. Nd2 Bg7 8. Nc4
O-O 9. g3 b6 10. a4 Ba6 11. Nb5 Bxb5 12. axb5 Nbd7 13. Bg2 Qe7 14. Bf4 Ne8 15.
Qb3 Ne5 16. Nxb6 Rb8 17. Nc4 Nxc4 18. Qxc4 Bxb2 19. Ra6 Be5 20. Bxe5 Qxe5 21.
Rxa7 Qb2 22. O-O Rxb5 23. Qe4 Qf6 24. Rb1 Rxb1+ 25. Qxb1 Qe5 26. e4 Nf6 27. Qa1
Qxa1+ 28. Rxa1 Rb8 29. f4 Re8 30. Ra6 Nxe4 {source: bulletin} 1/2-1/2

[Event "Oakham Young Masters"]
[Site "Oakham"]
[Date "1984.04.08"]
[Round "1.12"]
[White "Hofmann, Michael"]
[Black "Bradbury, Neil H"]
[Result "1/2-1/2"]
[WhiteElo "2230"]
[BlackElo "2395"]
[PlyCount "82"]
[EventDate "1984.04.08"]
[EventType "swiss"]
[EventRounds "9"]
[EventCountry "ENG"]
[SourceTitle "BritBase"]
[Source "John Saunders"]
[SourceDate "2023.08.08"]
[SourceVersion "1"]
[SourceVersionDate "2023.08.08"]
[SourceQuality "1"]

1. e4 d6 2. d4 Nf6 3. Nc3 g6 4. Nf3 Bg7 5. Be2 Bg4 6. Be3 O-O 7. O-O Nc6 8. Qd2
Re8 9. Rad1 Bxf3 10. Bxf3 e5 11. dxe5 dxe5 12. Nb5 Qc8 13. c3 a6 14. Na3 Qe6
15. b3 Bf8 16. Nc4 Red8 17. Qc1 Be7 18. Rxd8+ Rxd8 19. Rd1 Rb8 20. h3 a5 21.
Nb2 h5 22. Qc2 Rd8 23. Rxd8+ Nxd8 24. Be2 b6 25. f3 Kg7 26. Qd2 Qd7 27. Qxd7
Nxd7 28. Na4 h4 29. Bb5 Nc5 30. Kf1 Nxa4 31. Bxa4 Kf6 32. Bd7 Bc5 33. Bd2 Ke7
34. Bc8 f6 35. Ke2 Nf7 36. Be1 g5 37. a4 Nd6 38. Ba6 Kd7 39. b4 axb4 40. cxb4
Bd4 41. Kd3 Bg1 {source: bulletin} 1/2-1/2

[Event "Oakham Young Masters"]
[Site "Oakham"]
[Date "1984.04.08"]
[Round "1.13"]
[White "Thomson, Craig SM"]
[Black "Grivas, Efstratios"]
[Result "1-0"]
[WhiteElo "2215"]
[BlackElo "2375"]
[PlyCount "150"]
[EventDate "1984.04.08"]
[EventType "swiss"]
[EventRounds "9"]
[EventCountry "ENG"]
[SourceTitle "BritBase"]
[Source "John Saunders"]
[SourceDate "2023.08.08"]
[SourceVersion "1"]
[SourceVersionDate "2023.08.08"]
[SourceQuality "1"]

1. d4 Nf6 2. c4 g6 3. Nc3 Bg7 4. e4 d6 5. Nf3 O-O 6. Be2 e5 7. O-O Nc6 8. d5
Ne7 9. Ne1 Nd7 10. Bd2 f5 11. Nd3 Nf6 12. f3 f4 13. Rc1 g5 14. c5 Ng6 15. cxd6
cxd6 16. Nb5 Rf7 17. Qc2 Ne8 18. a4 Bd7 19. Nf2 Bf8 20. Qb3 h5 21. Rc3 a6 22.
Na3 Rb8 23. a5 Rg7 24. Nc4 Bb5 25. Qd1 Rc8 26. Nb6 Rxc3 27. Bxc3 Bxe2 28. Qxe2
Nf6 29. Kh1 Nh4 30. Nd3 g4 31. Rc1 Nd7 32. Nc4 Qg5 33. Bb4 Qg6 34. Nd2 Nf6 35.
Qf1 Qe8 36. Ne1 Qa4 37. Qc4 gxf3 38. Ndxf3 Nxf3 39. gxf3 Qe8 40. Rc2 h4 41. Qc8
Qb5 42. Rc4 Rd7 43. Nc2 Kh7 44. b3 Rf7 45. Qf5+ Kh6 46. Na3 Qd7 47. Qxd7 Rxd7
48. Rc8 Be7 49. Nc4 h3 50. Kg1 Kg6 51. Kf1 Nh7 52. Nb6 Rd8 53. Rxd8 Bxd8 54.
Nc4 Ng5 55. Ke2 Nf7 56. Nxd6 Nxd6 57. Bxd6 Bf6 58. Bb4 Kf7 59. Be1 Ke8 60. Kd3
Kd7 61. b4 Be7 62. Kc4 Bd6 63. Bf2 Bf8 64. Bg1 Bg7 65. b5 axb5+ 66. Kxb5 Bf6
67. Bf2 Bd8 68. Be1 Kd6 69. Kc4 Bf6 70. Bf2 Bd8 71. Ba7 Bh4 72. Bc5+ Kd7 73.
Kb5 Be1 74. Kb6 Bd2 75. Bf8 Bc3 {source: bulletin} 1-0

[Event "Oakham Young Masters"]
[Site "Oakham"]
[Date "1984.04.08"]
[Round "1.14"]
[White "Horvath, Jozsef"]
[Black "Needham, Teresa M"]
[Result "1-0"]
[WhiteElo "2370"]
[BlackElo "2100"]
[PlyCount "81"]
[EventDate "1984.04.08"]
[EventType "swiss"]
[EventRounds "9"]
[EventCountry "ENG"]
[SourceTitle "BritBase"]
[Source "John Saunders"]
[SourceDate "2023.08.08"]
[SourceVersion "1"]
[SourceVersionDate "2023.08.08"]
[SourceQuality "1"]

1. e4 c5 2. Nf3 Nc6 3. d4 cxd4 4. Nxd4 Nf6 5. Nc3 d6 6. Bg5 e6 7. Qd2 Be7 8.
O-O-O a6 9. f4 Nxd4 10. Qxd4 O-O 11. Bc4 Qc7 12. Bb3 Rd8 13. Rhf1 h6 14. Bh4 b5
15. e5 dxe5 16. Qxe5 Ra7 17. g4 Qc6 18. g5 Nd7 19. Qe1 hxg5 20. Nd5 Re8 21.
Nxe7+ Rxe7 22. fxg5 Nf8 23. Rd3 a5 24. g6 f6 25. Bxf6 gxf6 26. Qh4 Qg2 27. Qxf6
Re8 28. Rg3 Qe2 29. g7 Qxf1+ 30. Qxf1 Rxg7 31. Qxb5 Rxg3 32. hxg3 Bd7 33. Qxa5
Re7 34. Qe5 Rf7 35. a4 Ng6 36. Qe4 Kg7 37. a5 Rf1+ 38. Kd2 e5 39. a6 Bf5 40.
Qb7+ Kh6 41. a7 {source: bulletin} 1-0

[Event "Oakham Young Masters"]
[Site "Oakham"]
[Date "1984.04.08"]
[Round "1.15"]
[White "Lalic, Susan Kathryn"]
[Black "Wong, Meng Kong"]
[Result "0-1"]
[WhiteElo "1900"]
[BlackElo "2365"]
[PlyCount "73"]
[EventDate "1984.04.08"]
[EventType "swiss"]
[EventRounds "9"]
[EventCountry "ENG"]
[SourceTitle "BritBase"]
[Source "John Saunders"]
[SourceDate "2023.08.08"]
[SourceVersion "1"]
[SourceVersionDate "2023.08.08"]
[SourceQuality "1"]

1. e4 d5 2. exd5 Nf6 3. d4 Nxd5 4. c4 Nb6 5. Nc3 e5 6. dxe5 Qxd1+ 7. Nxd1 Nc6
8. f4 Be6 9. Ne3 Bb4+ 10. Kf2 Bc5 11. Kg3 O-O-O 12. Nf3 f6 13. Be2 Nd4 14. Nxd4
Bxd4 15. Rd1 fxe5 16. f5 Bf7 17. a4 e4 18. a5 Be5+ 19. Kf2 Rxd1 20. axb6 Rxc1
21. Rxc1 axb6 22. b3 Bd4 23. Bd1 Re8 24. g4 Kd7 25. Bc2 Kd6 26. Re1 Ke5 27. Ke2
Rd8 28. h3 Bc3 29. Rd1 Rxd1 30. Nxd1 Bd4 31. Nf2 Bxf2 32. Kxf2 Kf4 33. Bd1 Be8
34. b4 b5 35. c5 Bf7 36. Be2 Bc4 37. Bd1 {source: bulletin} 0-1

[Event "Oakham Young Masters"]
[Site "Oakham"]
[Date "1984.04.09"]
[Round "2.1"]
[White "Dlugy, Maxim"]
[Black "Luce, Sebastien"]
[Result "1/2-1/2"]
[WhiteElo "2460"]
[BlackElo "2330"]
[PlyCount "64"]
[EventDate "1984.04.08"]
[EventType "swiss"]
[EventRounds "9"]
[EventCountry "ENG"]
[SourceTitle "BritBase"]
[Source "John Saunders"]
[SourceDate "2023.08.08"]
[SourceVersion "1"]
[SourceVersionDate "2023.08.08"]
[SourceQuality "1"]

1. d4 e6 2. Nf3 Nf6 3. c4 b6 4. g3 Bb4+ 5. Bd2 a5 6. Bg2 Bb7 7. O-O Bxd2 8.
Qxd2 O-O 9. Qd3 d5 10. Nc3 Na6 11. cxd5 Nxd5 12. Rfd1 c5 13. Nxd5 Bxd5 14. e4
Bb7 15. Qe3 Qe7 16. Rd2 Rfd8 17. Rad1 cxd4 18. Nxd4 Nc5 19. e5 Bxg2 20. Kxg2
Qb7+ 21. Qf3 Qxf3+ 22. Kxf3 Kf8 23. Nb5 Rxd2 24. Rxd2 Ke7 25. Ke3 Nd7 26. f4
Rc8 27. Nd6 Rc7 28. b3 f6 29. Nc4 a4 30. exf6+ gxf6 31. Rd4 axb3 32. axb3 Nc5 {
source: bulletin} 1/2-1/2

[Event "Oakham Young Masters"]
[Site "Oakham"]
[Date "1984.04.09"]
[Round "2.2"]
[White "Condie, Mark L"]
[Black "Hodgson, Julian M"]
[Result "1/2-1/2"]
[WhiteElo "2340"]
[BlackElo "2440"]
[PlyCount "67"]
[EventDate "1984.04.08"]
[EventType "swiss"]
[EventRounds "9"]
[EventCountry "ENG"]
[SourceTitle "BritBase"]
[Source "John Saunders"]
[SourceDate "2023.08.08"]
[SourceVersion "1"]
[SourceVersionDate "2023.08.08"]
[SourceQuality "1"]

1. d4 Nf6 2. Nf3 c5 3. c3 Qc7 4. Bg5 Ne4 5. Bh4 e6 6. e3 b6 7. Nbd2 Bb7 8. Be2
d6 9. O-O Be7 10. Bxe7 Qxe7 11. Qa4+ Kf8 12. Nxe4 Bxe4 13. dxc5 Bc6 14. cxd6
Bxa4 15. dxe7+ Kxe7 16. b3 Bc6 17. Rfd1 Nd7 18. Nd4 Bb7 19. Bb5 Ne5 20. f4 Ng4
21. Nf5+ Kf6 22. Nd6 Bxg2 23. Kxg2 Nxe3+ 24. Kf3 Nxd1 25. Rxd1 Rad8 26. Ne4+
Ke7 27. Rg1 g6 28. b4 f5 29. Nf2 Rd2 30. a4 Rc2 31. c4 Rd8 32. Ke3 Rc3+ 33. Ke2
Rc2+ 34. Ke3 {source: bulletin} 1/2-1/2